| 000 | 00948cam a2200325 4500 | ||
|---|---|---|---|
| 001 | ABS61665 | ||
| 008 | 000000n1999 000 0 eng u | ||
| 035 | _a(Sirsi) u103185 | ||
| 245 | _aRegional Survey: West Midlands | ||
| 260 | _c1999 | ||
| 490 |
_aProperty Week _v 64(45) 19 November 1999, 60-84(8) |
||
| 590 | _aABS | ||
| 650 | _aBIRMINGHAM | ||
| 650 | _aWEST MIDLANDS | ||
| 650 | _aPROPERTY-COMMERCIAL PROPERTY-OFFICE PROPERTY-OFFICE PROPERTY MARKET | ||
| 650 | _aPROPERTY-COMMERCIAL PROPERTY-RETAIL PROPERTY-RETAIL PROPERTY MARKET | ||
| 650 | _aSOLIHULL | ||
| 650 | _aOUT-OF-TOWN DEVELOPMENTS | ||
| 650 | _aINDUSTRIAL MARKET | ||
| 650 | _aLEISURE MARKET | ||
| 650 | _aWOLVERHAMPTON | ||
| 650 | _aWEDNESBURY | ||
| 650 | _aSUTTON COLDFIELD | ||
| 650 | _aOLDBURY | ||
| 650 | _aWALSALL | ||
| 650 | _aSMETHWICK | ||
| 650 | _aTIPTON | ||
| 690 | _aPROPERTY-COMMERCIAL PROPERTY-COMMERCIAL PROPERTY MARKET | ||
| 942 | _n0 | ||
| 999 |
_c62016 _d62016 |
||